| 000 | 01162nam a22003017a 4500 | ||
|---|---|---|---|
| 005 | 20180309145207.0 | ||
| 010 | _a1516ENO7 ENG-114942 | ||
| 020 |
_a9789332544901 _c895.00 |
||
| 035 | _aEN- 98474 | ||
| 035 | _aB-610952-969 | ||
| 035 | _aB-663866 | ||
| 037 |
_aDPL _bUBH |
||
| 037 | _bDBAD/PUB | ||
| 037 |
_bBookwell _aDpl |
||
| 082 | _a150 | ||
| 100 | _aKosslyn, Stephen M. | ||
| 245 |
_aIntroducing psychology : _bbrain, person,group / _cby Stephen M.Kosslyn [and] Robin S. Rosenberg |
||
| 250 | _a4th ed | ||
| 260 |
_aNoida _bPearson Education _c2015 |
||
| 270 |
_a11 Community Center, Panchsheel Park _bNoida _e110017 |
||
| 300 |
_a518p.: _bill. _c27cm(pbk) |
||
| 500 | _aIncludes bibliographical references and index | ||
| 650 |
_a Psychology _vTextbooks. |
||
| 700 | _a Rosenberg, Robin S. | ||
| 942 |
_2ddc _cEN _mKOS _h150 |
||
| 999 |
_c95791 _d95791 |
||